| 000 -LEADER |
| fixed length control field |
00635nam a22002177a 4500 |
| 003 - CONTROL NUMBER IDENTIFIER |
| control field |
OSt |
| 005 - DATE AND TIME OF LATEST TRANSACTION |
| control field |
20210414083623.0 |
| 008 - FIXED-LENGTH DATA ELEMENTS--GENERAL INFORMATION |
| fixed length control field |
210312s1966 ||||| |||| 00| 0 eng d |
| 040 ## - CATALOGING SOURCE |
| Original cataloging agency |
eng |
| Language of cataloging |
eng |
| Transcribing agency |
DLC |
| 041 ## - LANGUAGE CODE |
| Language code of text/sound track or separate title |
eng |
| 080 ## - UNIVERSAL DECIMAL CLASSIFICATION NUMBER |
| Universal Decimal Classification number |
2 |
| Item number |
L-83 |
| 245 ## - TITLE STATEMENT |
| Title |
Living Gospels / The Paraphrased Gospels and The Book of Acts |
| Statement of responsibility, etc. |
/ by: Tyndale House Publishers |
| 250 ## - EDITION STATEMENT |
| Edition statement |
Special edition |
| 260 ## - PUBLICATION, DISTRIBUTION, ETC. |
| Place of publication, distribution, etc. |
Wheaton, Ill. |
| Name of publisher, distributor, etc. |
Tyndale House Publishers |
| Date of publication, distribution, etc. |
1966 |
| 300 ## - PHYSICAL DESCRIPTION |
| Extent |
446 p. |
| 365 ## - TRADE PRICE |
| Price amount |
2.45 usd |
| 650 #0 - SUBJECT ADDED ENTRY--TOPICAL TERM |
| 9 (RLIN) |
262 |
| Topical term or geographic name entry element |
Religion |
| Topical term following geographic name entry element |
Holy Bible |
| 653 ## - INDEX TERM--UNCONTROLLED |
| Uncontrolled term |
რელიგია |
| 700 ## - ADDED ENTRY--PERSONAL NAME |
| 9 (RLIN) |
1408 |
| Personal name |
Taylor, N. Kenneth |
| Relator term |
Paraphraser |
| 942 ## - ADDED ENTRY ELEMENTS (KOHA) |
| Source of classification or shelving scheme |
|
| Koha item type |
Books |